000
00473nam a2200169Ia 4500
008
090711s9999 xx 000 0 und d
082
_b
60985
100
_a
कानेटकर माधव
245
_a
झुलता पूल
260
_c
1962
300
_a
119
600
_a
कानेटकर माधव
630
_a
झुलता पूल
700
_a
कानेटकर माधव
730
_a
झुलता पूल
942
_c
BOOK
999
_c
294479
_d
294479